Vplyv striedania fáz hospodárskeho cyklu na správanie ekonomických subjektov v aplikácii na reklamný trh

Riadenie výdavkov vo firmách pri prechode medzi fázami hospodárskeho cyklu. Výdavky na reklamu. Vnímanie reklamy cieľovým publikom. Rozdielne prístupy zadávateľov reklamy k stratégii riadenia výdavkov na reklamu. Zmena správania spotrebiteľov, ako aj ekonomických subjektov v prostredí klasického pro...

Celý popis

Uložené v:
Podrobná bibliografia
Hlavný autor: Miklošík, Andrej
Médium: Kapitola
Jazyk:Slovak
Predmet:
Tagy: Pridať tag
Žiadne tagy, Buďte prvý, kto otaguje tento záznam!

MARC

LEADER 00000naa$a2200000$$$4500
001 0132459
005 20240522074958.4
041 0 |a slo 
044 |a CZ 
245 1 0 |a Vplyv striedania fáz hospodárskeho cyklu na správanie ekonomických subjektov v aplikácii na reklamný trh  |c Andrej Miklošík 
520 |a Riadenie výdavkov vo firmách pri prechode medzi fázami hospodárskeho cyklu. Výdavky na reklamu. Vnímanie reklamy cieľovým publikom. Rozdielne prístupy zadávateľov reklamy k stratégii riadenia výdavkov na reklamu. Zmena správania spotrebiteľov, ako aj ekonomických subjektov v prostredí klasického prostredia a trhu a v prostredí internetu. 
610 2 0 |a cykly hospodárske 
610 2 0 |a trh reklamný 
610 2 0 |a spotrebitelia 
610 2 0 |a správanie spotrebiteľa 
610 2 0 |a firmy 
610 2 0 |a výdavky 
610 2 0 |a reklama 
100 1 |a Miklošík, Andrej